00946cam a22003134a 450000100090000000300040000900500170001300800410003001000170007101500190008802000240010702000210013103500130015203500210016504000350018604200140022105000210023508200170025610000240027324500810029726000400037830000210041833600260043933700280046533800270049350400640052065000170058465000310060117186840OSt20260428082503.0120228s2012 enk b 001 0 eng d a 2011410688 aGBB1B37362bnb a9781844678518qpbk. a1844678512qpbk. a17186840 a(OCoLC)769192643 aNLEcNLEdMUBdYDXCPdBDXdDLC alccopycat00aHM876b.M37 201204a909.83122231 aMason, Paul,d1960-10aWhy it's kicking off everywhere :bthe new global revolutions /cPaul Mason. aLondon ;aNew York :bVerso,c2012. a237 p. ;c23 cm. atextbtxt2rdacontent aunmediatedbn2rdamedia avolumebnc2rdacarrier aIncludes bibliographical references (p. 213-222) and index. 0aRevolutions. 0aWorld politicsy2005-2015.